000 00429nam a2200157 i 4500
001 52355
003 ES-MaACL
005 20230906162552.0
007 t|
008 030828s1934 fr ||||1| fre d
100 1 _aDaudet, Léon.
_942803
245 1 0 _aCiel de feu
_b: roman /
_cLéon Daudet.
260 _aParis. :
_bErnest Flammarion,
_c1934 (
_eParis :
_fE. Grevin)
300 _a282 p. ;
_c19 cm.
852 _aES-MaACL
_jA-2909
999 _c52355
_d52355